| 000 | 00656nam a2200217 u 4500 | ||
|---|---|---|---|
| 005 | 20240925064739.0 | ||
| 008 | 100215s2004 r 000 0 eng d | ||
| 020 | _a8484509826 | ||
| 035 | _aUPN01000174741 | ||
| 049 | _aCG | ||
| 050 | 4 |
_aTD170 _bG3.7 |
|
| 100 | 1 | _aGallego, José Luis | |
| 245 | 1 | 0 |
_aReponer la tierra : _bun repaso a las relaciones del ser humano con el planeta / _cJosé Luis Gallego. |
| 260 |
_aBarcelona, Esp. : _bPlaza & Janés, _b2002. |
||
| 300 | _a201 p. | ||
| 440 | 0 | _aDebolsillo | |
| 650 | 4 |
_aProtección del medio ambiente _96588 |
|
| 650 | 7 |
_aPolítica ambiental _2 _91340 |
|
| 650 | 4 |
_aEcología _95860 |
|
| 905 | _aLibro | ||
| 999 |
_c146845 _d146845 |
||